Kôrnik jedľový - Cryphalus piceae Ratz. (Scolytidae) a ochrana proti nemu

Bibliographic Details
Main Author: Gogola, Elemír, 1927-2015 (Author)
Format: Book
Language:Slovak
PhysicalDescription:75 s., 3,406 AH Tb. Sch. 20 cm
Published: Zvolen VŠLD 1991
ISBN:8022800910
Edition:1. vyd.
Series:Vedecké a pedagogické aktuality Zv. 8/1989.

MARC

LEADER 00000nam a2200000 a 4500
001 vtls001067197
003 SK-MaSNL
005 20260301152953.0
008 250414s1991 xo 0 slo
015 |a SNBA1992/03 
020 |a 8022800910 
035 |a SNK000010027 
040 |a SNK  |b slo  |c SNK  |e AACR2 
041 0 |a slo 
044 |a xo  |c SK 
080 |a 630:595.768(048.84)  |2 1981 
080 |a 595.768(048.84)  |2 1981 
080 |a 632.9  |2 1981 
080 |a 582.475.2  |2 1981 
080 |a 595.768  |2 1981 
100 1 |a Gogola, Elemír,  |d 1927-2015  |4 aut  |9 52294 
245 1 0 |a Kôrnik jedľový - Cryphalus piceae Ratz. (Scolytidae) a ochrana proti nemu  |c Elemír Gogola 
250 |a 1. vyd. 
260 |a Zvolen  |b VŠLD  |c 1991  |e Zvolen  |f Edičné stredisko VŠLD 
300 |a 75 s., 3,406 AH  |b Tb. Sch.  |c 20 cm 
366 |e 150 výtl. 
490 0 |a Vedecké a pedagogické aktuality  |v Zv. 8/1989. 
500 |a Lit. 37. Súbež. res. nem., rus. a angl. Schválila edičná komisia VŠLD ako účelovú publ. pre VŠLD vo Zvolene. Rozmn. 37 zázn. v slov., češ., ruš., nem. a franc. 
852 |a Slovenská národná knižnica 
919 |a 80-228-0091-0 
954 |a jedle  |a kôrnik jedľový  |a Cryphalus piceae Ratz. 
958 |a NB 
958 |a RM 
999 |c 790899  |d 792829 
952 |a SNK  |b SNK  |y PREZ  |7 0  |p 17A1044593  |o snkSD 63970   |0 0  |1 0  |4 0  |d 2013-08-21  |l 0  |r 2026-02-24 01:35:49  |w 2026-02-24 
952 |t P60, <04>, [BOOK], {604}  |a SNK  |b SNK  |y VYP  |7 0  |p 17A0350845  |o snkSD 63970 D1  |i snkKSP 1230/92  |0 0  |1 0  |4 0  |d 2002-08-16  |l 0  |r 2004-12-31 00:00:00  |w 2026-02-24